000 00262nam a2200109Ia 4500
008 240625s9999 xx 000 0 und d
041 _aeng
082 _a658.421 ELE
100 _a3G LEARNING
245 _aBASICS OF BUSINESS FOR AN ENTREPRENEUR
260 _c2015
999 _c35245
_d35245